Infancy

Αποθηκεύτηκε σε:
Λεπτομέρειες βιβλιογραφικής εγγραφής
Κύριος συγγραφέας: Field, Tiffany
Μορφή: Βιβλίο
Γλώσσα:English
Δημοσίευση: Cambridge : Harvard University Press, 1990
Σειρά:Developing child
Θέματα:
Ετικέτες: Προσθήκη ετικέτας
Δεν υπάρχουν, Καταχωρήστε ετικέτα πρώτοι!

MARC

LEADER 00000nam a2200000 i 4500
001 1/5219
008 960520s1990 eng d
020 |a 0-674-45263-1 
035 |l 10015928 
040 |a GR-MY-UA  |b gre  |e aacr 
041 0 |a eng 
082 0 |a 155.422 
100 1 |a Field, Tiffany. 
245 1 0 |a Infancy /  |c Tiffany Field 
260 |a Cambridge :   |b Harvard University Press,   |c 1990 
300 |a 170 p.  |b ill. 
490 1 |a Developing child 
504 |a Includes bibliographical references and index 
650 0 0 |a Infant psychology. 
830 0 |a Developing child 
852 |a INST  |b LESVOS  |e 19960520  |h 155.422 FIE  |p 005100010186  |q 005100010186  |t BK  |y 0 
852 |a INST  |b RHODES  |e 19991122  |h 155.422 FIE  |p 005400012278  |q 005400012278  |t BK  |y 0 
901 |a BIBL4-1999-3 
909 |a Λ  |b 044022 
909 |a Ρ  |b 068850 
922 |a 4ΕΛΗ  |b 199909  |c ΚΠΣ/154  |d GLORY BOOKS 
970 |a ΚΟΥΛΑΚΙΟΤΗ  |b ΛΙΤΣΑ  |z 1999/11/22